Größte (Fußball-)Stadien in Europa - Statistiken

Allgemein
  • Dieses Quiz wurde 585 mal gespielt
    491 seit der letzten Aktualisierung
  • Das Durchschnittsergebnis liegt bei 13 aus 50
Antwortstatistiken
Kapazität Land Stadion % Korrekt
99.354 Spanien Camp Nou (Barcelona)
93%
81.365 Deutschland Signal Iduna Park (Dortmund)
87%
90.000 England Wembley-Stadion (London)
85%
75.024 Deutschland Allianz Arena (München)
82%
81.044 Spanien Estadio Santiago Bernabéu (Madrid)
73%
76.312 England Old Trafford (Manchester)
70%
54.074 England Anfield (Liverpool)
57%
74.649 Deutschland Olympiastadion Berlin
55%
61.973 Deutschland Veltins-Arena (Gelsenkirchen)
50%
80.018 Italien Giuseppe-Meazza-Stadion (Mailand)
42%
83.000 Türkei Atatürk-Olympiastadion (Istanbul)
41%
57.000 Deutschland Volksparkstadion (Hamburg)
41%
55.097 England Etihad Stadium (Manchester)
38%
60.338 England Emirates Stadium (London)
37%
81.338 Frankreich Stade de France (Saint-Denis)
36%
72.698 Italien Olympiastadion Rom
35%
60.441 Deutschland Mercedes-Benz Arena (Stuttgart)
30%
69.250 Deutschland Olympiastadion München
28%
51.628 Niederlande Johan-Cruyff-Arena (Amsterdam)
26%
67.703 Spanien Estadio Metropolitano (Madrid)
24%
60.355 Schottland Celtic-Park (Glasgow)
23%
54.010 Deutschland Borussia-Park (Mönchengladbach)
22%
78.360 Russland Olympiastadion Luschniki (Moskau)
22%
72.647 Portugal Estádio da Luz (Lissabon)
20%
71.030 Griechenland Olympiastadion Athen
20%
60.000 England Olympiastadion London (London Stadium)
20%
76.824 Italien Stadio Diego Armando Maradona (Neapel)
19%
51.718 Österreich Ernst-Happel-Stadion (Wien)
17%
62.062 England Tottenham Hotspur Stadium (London)
17%
60.031 Frankreich Stade Velodrome (Marseille)
16%
70.050 Ukraine Olympiastadion Kiew
15%
52.387 England St. James’ Park (Newcastle)
12%
54.600 Deutschland Merkur Spiel-Arena (Düsseldorf)
11%
52.025 Schottland Hampden Park (Glasgow)
10%
55.926 Spanien Olympiastadion Barcelona
9%
68.134 Russland Gazprom-Arena (St. Petersburg)
8%
82.300 Irland Croke Park (Dublin)
7%
52.602 Spanien Estadio Mestalla (Valencia)
7%
51.700 Irland Aviva Stadium (Dublin)
5%
53.289 Spanien San Mamés (Bilbao)
5%
82.000 England Twickenham Stadium (London)
5%
59.286 Frankreich Groupama Stadium (Lyon)
4%
57.619 Spanien Olympiastadion Sevilla
3%
67.144 Schottland Murrayfield Stadium (Edinburgh)
2%
52.695 Türkei Nef Stadyumu (Istanbul)
2%
58.145 Polen PGE Narodowy (Warschau)
2%
74.500 Wales Principality Stadium (Cardiff)
2%
58.248 Italien Stadio San Nicola (Bari)
2%
55.600 Rumänien Arena Națională (Bukarest)
1%
55.538 Serbien Stadion Rajko Mitić (Belgrad)
1%
Keine übereinstimmenden Quizze gefunden
Verteilung der Resultate
Anzahl Personen mit jedem Resultat
Perzentil nach korrekt beantworteten Fragen
Ihre Resultats-Entwicklung
Sie haben dieses Quiz seit der letzten Aktualisierung nicht gespielt